000 00339nam a22001337a 4500
008 181015b xxu||||| |||| 00| 0 eng d
020 _a9780393704631
041 _aeng
080 _a573
100 _a11
101 _abio
245 _aThe Science Of Addiction From Neuro Biology Treatment
_cErickson.CH.K
942 _2udc
_cBK
999 _c49664
_d49664